000 00557nam a2200169Ia 4500
008 230921s9999||||xx |||||||||||||| ||und||
020 _a978-3-030-14397-8
041 _aEN
100 _aNina Sahraoui
245 0 _aRacialised Workers and European Older-Age Care
250 _a1st ed. 2019
260 _c2019
_bSpringer International Publishing
440 _aThinking Gender in Transnational Times
856 _uhttps://doi.org/10.1007/978-3-030-14397-8
856 _uhttps://link.springer.com/openurl?genre=book&isbn=978-3-030-14397-8
942 _cEB
999 _c260838
_d260838